书目信息 |
| 题名: |
商标实务指南
|
|
| 作者: | 张锐 主编 | |
| 分册: | ||
| 出版信息: | 北京 法律出版社 2017.07 |
|
| 页数: | 785页 | |
| 开本: | 24cm | |
| 丛书名: | ||
| 单 册: | ||
| 中图分类: | D923.434 | |
| 科图分类: | ||
| 主题词: | 商标法--基本知识--中国 | |
| 电子资源: | ||
| ISBN: | 978-7-5197-0993-8 | |
| 000 | 00888nam0 2200265 450 | |
| 001 | 008602140 | |
| 005 | 20171011152902.81 | |
| 010 | @a978-7-5197-0993-8@dCNY160.00 | |
| 100 | @a20170920d2017 em y0chiy50 ea | |
| 101 | 0 | @achi |
| 102 | @aCN@b110000 | |
| 105 | @aak z 000yy | |
| 106 | @ar | |
| 200 | 1 | @a商标实务指南@9shang biao shi wu zhi nan@dTrademark practice guide@f张锐主编@zeng |
| 205 | @a2版 | |
| 210 | @a北京@c法律出版社@d2017.07 | |
| 215 | @a785页@d24cm | |
| 330 | @a本书分为三个部分:商标实务、法律法规、案例参考,介绍了商标及商标法律制度、商标确权实务、商标维权实务、商标诉讼实务、商标国际申请注册等内容。 | |
| 333 | @a法律工作者 | |
| 510 | 1 | @aTrademark practice guide@zeng |
| 606 | 0 | @a商标法@x基本知识@y中国 |
| 690 | @aD923.434@v5 | |
| 701 | 0 | @a张锐@9zhang rui@c(律师)@4主编 |
| 801 | 0 | @aCN@b人天书店@c20170920 |
| 905 | @b1080015-18@dD923.434@e1820=2@f4 | |
| 商标实务指南=Trademark practice guide/张锐主编.-2版.-北京:法律出版社,2017.07 |
| 785页;24cm |
| 使用对象:法律工作者 |
| ISBN 978-7-5197-0993-8:CNY160.00 |
| 本书分为三个部分:商标实务、法律法规、案例参考,介绍了商标及商标法律制度、商标确权实务、商标维权实务、商标诉讼实务、商标国际申请注册等内容。 |
| ● |
| 相关链接 |
|
|
|
|
正题名:商标实务指南
索取号:D923.434/1820=2
 
预约/预借
| 序号 | 登录号 | 条形码 | 馆藏地/架位号 | 状态 | 备注 |
| 1 | 1080015 | 210800150 | 第一样本阅览室/ [索取号:D923.434/1820=2] | 在馆 | |
| 2 | 1080016 | 210800169 | 密集书库-史法系/ [索取号:D923.434/1820=2] | 在馆 | |
| 3 | 1080017 | 210800178 | 第一借阅区/ [索取号:D923.434/1820=2] | 在馆 | |
| 4 | 1080018 | 210800187 | 第一借阅区/ [索取号:D923.434/1820=2] | 在馆 |